000 00397nam a2200097Ia 4500
008 180130s9999 xx 000 0 und d
245 _cHamburg, Ileana
_aInnovative e-learning solutions and environments for small and medium-sized companies (SMEs)
260 _c2015
300 _aBook title: An integrated approach to e-learning--Acession number C20654; pages 69-88
650 _aEDUCATION--E-LEARNING
999 _c353727
_d353727